[Event "Madrid San Viator op-B 29th"]
[Site "Madrid"]
[Date "2017.10.08"]
[Round "4"]
[White "Cujba, Anca Claudia"]
[Black "Teran Gonzalez, Adrian"]
[Result "1-0"]
[WhiteElo "1664"]
[BlackElo "1211"]
[PlyCount "57"]
[EventDate "2017.09.17"]
[EventType "swiss"]
[EventRounds "9"]
[EventCountry "ESP"]
[SourceTitle "EXT 2019"]
[Source "ChessBase"]
[SourceDate "2018.10.10"]
[SourceVersion "1"]
[SourceVersionDate "2018.10.10"]
[SourceQuality "1"]

1. e4 c5 2. d3 Nc6 3. Nc3 Nf6 4. g3 e6 5. Bg2 Rb8 6. a4 b6 7. Nf3 d5 8. Bf4 Ra8 9. exd5 exd5 10. Nb5 Kd7 11. Bh3+ Ke7 12. Bd6+ Qxd6 13. Nxd6 Bxh3 14. Nxf7 Rg8 15. N7g5 Bg4 16. h3 Bf5 17. Qe2+ Kd7 18. 0-0-0 h6 19. Nh4 Re8 20. Qd2 Bxd3 21. Qxd3 hxg5 22. Nf3 Ne4 23. Qxd5+ Bd6 24. Rhe1 Nb4 25. Qb7+ Kd8 26. Rxe4 Rxe4 27. Rxd6+ Ke8 28. Qxe4+ Kf8 29. Rd8+ 1-0